La Democracia como contingencia y paradoja: Guatemala 1944, un momento de selección de futuro /

Guardat en:
Dades bibliogràfiques
Autor principal: Argueta, Otto
Format: Text
Matèries:
Etiquetes: Afegir etiqueta
Sense etiquetes, Sigues el primer a etiquetar aquest registre!

MARC

LEADER 00000 a a2200000 04500
001 14211
003
040
100 |a Argueta, Otto  
245 |a La Democracia como contingencia y paradoja: Guatemala 1944, un momento de selección de futuro /  |c Otto Argueta 
650 |a DEMOCRACIA  
650 |a GUATEMALA  
773 |g volumen 3, número 1; páginas 151-171  
999 |c 25475  |d 25475